Control Sensors and Actuators /

Salvato in:
Dettagli Bibliografici
Autore principale: De, Silva Clarence W (Autore)
Natura: Libro
Pubblicazione: Englewood Cliffs : Prentice Hall, 1989
Tags: Aggiungi Tag
Nessun Tag, puoi essere il primo ad aggiungerne!!

MARC

LEADER 00000nam a22000003a 4500
001 stu46992
005 20150617225716.5
008 ------s1989----xxu---------------------d
040 |a STU  |b slo 
041 0
044 |a xxu 
080 |a 681.5 
100 1 |a De, Silva Clarence W  |4 aut 
245 1 |a Control Sensors and Actuators /  |c [aut.] De,Silva Clarence W 
260 |a Englewood Cliffs :  |b Prentice Hall,  |c 1989 
300 |a 436 s 
996 |b J85471  |c J*85471/›D  |l JJST  |s P  |a 0  |w stu46992_0001